000 00282nam a2200133Ia 4500
100 _aCaswell /fred
942 _cBK
654 _astatistics
245 _aSuccess in statistics
260 _bMaxwell Macmillan
_aNew york
_c1990
300 _a322
546 _aENGLISH
999 _c26588
_d26588